Marcatori dell'Inter in UEFA Champions League 2021-2022 - Statistics

Statistiche generali
  • Questo quiz è stato fatto 36 volte
  • Il punteggio medio è 7 su 9
Statistiche sulle risposte
Partita Minuto Marcatore % Corretto
Inter -Sheriff Tiraspol 3-1 34' Edin Džeko
100%
Inter - Shakhtar Donetsk 2-0 61' Edin Džeko
100%
Inter - Shakhtar Donetsk 2-0 67' Edin Džeko
100%
Liverpool - Inter 0-1 62' Lautaro Martinez
97%
Sheriff Tiraspol - Inter 1-3 82' Alexis Sánchez
79%
Inter -Sheriff Tiraspol 3-1 67' Stefan de Vrij
67%
Sheriff Tiraspol - Inter 1-3 54' Marcelo Brozović
61%
Sheriff Tiraspol - Inter 1-3 66' Milan Škriniar
61%
Inter -Sheriff Tiraspol 3-1 58' Arturo Vidal
42%
Nessun quiz corrispondente trovato
Distribuzione punteggi
Percentuale di utenti per punteggio
Percentile per numero di risposta
I tuoi punteggi nel tempo
Non hai fatto questo quiz